000 00642nam a2200181 a 4500
001 000033902
005 20200930070618.0
008 110914s1988 es 000 0 spa d
020 _a8400068920
040 _aDO-SdBNP
_bspa
_cBNPHU
100 1 _aDelgado Gómez-Escalonilla, Lorenzo
_959344
245 1 0 _aDiplomacia franquista y política cultural hacia iberoamérica 1939-1953 /
_cLorenzo Delgado Gómez- Escalonilla.
260 _aMadrid :
_bCentro de Estudios Históricos, Departamento de Historia Contemporánea,
_c1988.
300 _a294 p. ;
_c23 cm.
490 1 _aMonografías
_v6
830 0 _aMonografías
_v6
_915334
049 _aBNPD
999 _c33393
_d33393